Pia Uota, Qvibvs Nobilissimvm, Clarissimvm, Doctissimvm Qve Dominvm Dn. Petrvm Magvlacs, Alnovia Hvngarvm S. S. Theol. Et Phil. Stvdiosvm Hactenvs Perindvstrium, Ex Alma Levcorea Abevntem, In Patriam Proseqvebantvr Cives Hvngari

Bibliographic Details
Main Authors: Richter, Ján (Author), Lani, Daniel (Author), Fabri, Martin Gašpar (Author), Hockh, Daniel (Author), Szép, János (Author), Pelargus, Gabriel (Author), Gerhart, Alexander (Author), Francisci, Juraj (Author), Dekard, Zachariás (Author), Frühauff, Dávid (Author), Kermann, Michal (Author), Schildberger, Michael (Author)
Corporate Author: Koberstein, August (Wittenberg, Nemecko) (Printer)
Format: Book
Language:Latin
PhysicalDescription:[7] strán 35 cm
Published: Vitembergae Expressit Formis Avgvstvs Kobersteinivs [1713]
Subjects:

MARC

LEADER 00000nam a2200000 a 4500
001 vtls011842105
003 SK-MaSNL
005 20260301143707.0
008 240318s1713 gw a 000 0dlat
015 |a SNBHFA1713 
020 |q (viaz.) 
035 |a urn:nbn:sk:snk-am00ctbx 
035 |a urn:nbn:sk:snk-am3hqah 
035 |a 86096FAD-A104-40F1-A87E-856501E59AE4 
040 |a SNKHF  |b slo  |c SNK  |e AACR2 
041 0 |a lat 
044 |a gw  |c DE 
072 7 |a 929  |x Biografie  |2 konspekt 
080 |a 929-058.1  |2 2011 
100 1 |a Richter, Ján  |4 aut  |9 434318 
245 1 0 |a Pia Uota, Qvibvs Nobilissimvm, Clarissimvm, Doctissimvm Qve Dominvm Dn. Petrvm Magvlacs, Alnovia Hvngarvm  |b S. S. Theol. Et Phil. Stvdiosvm Hactenvs Perindvstrium, Ex Alma Levcorea Abevntem, In Patriam Proseqvebantvr Cives Hvngari  |c Jo. Richter Modra Hung. S. S. Theol. C., Daniel Lany, Kesm. S. S. Th. & Ph. St., Mart. Casp. Fabri Leutschoviens. S. S. Th. & Ph. C., Daniel Hockh, Joannes Szép., Gabriel Pelargus, Neögradiensis Hungar. S. S. Theol. & Phil. Studios., Alexandér Gerhart, J. V. S., Georgius Francisci Leutschovia Hungar. S. S. T. S., Zacharias Dekard. Semp. Hungar. S. S. Theol. & Phil. C., David Frühauff, Leutschovia Hung. S. S. Th. & Ph. C., Michael Kermann Myavia Hung. S. S T. & P. S., Michael Schildberger, Semp. Hung. L. L. Cult. 
260 |a Vitembergae  |b Expressit Formis Avgvstvs Kobersteinivs  |c [1713] 
300 |a [7] strán  |c 35 cm 
500 |a Ozdobné iniciálky s ornamentálnym pozadím na 3 riadky 
600 1 7 |a Magulač, Peter,  |d ?-1748  |2 SNK  |9 434322 
655 7 |a príležitostná poézia  |2 SNK  |9 86742 
700 1 |a Lani, Daniel  |4 aut  |9 434319 
700 1 |a Fabri, Martin Gašpar  |4 aut  |9 434320 
700 1 |a Hockh, Daniel  |4 aut  |9 434321 
700 1 |a Szép, János  |4 aut  |9 500442 
700 1 |a Pelargus, Gabriel  |4 aut  |9 500526 
700 1 |a Gerhart, Alexander  |4 aut  |9 500527 
700 1 |a Francisci, Juraj  |4 aut  |9 500443 
700 1 |a Dekard, Zachariás  |4 aut  |9 434100 
700 1 |a Frühauff, Dávid  |4 aut  |9 434102 
700 1 |a Kermann, Michal  |4 aut  |9 434099 
700 1 |a Schildberger, Michael  |4 aut  |9 501011 
710 0 |a Koberstein, August (Wittenberg, Nemecko)  |4 prt  |9 428796 
752 |a Nemecko  |d Wittenberg 
852 |a snk  |p SB 30562 
958 |a ONDV 
999 |c 774530  |d 776460 
952 |a SNK  |b SNK  |y PREZ  |7 0  |p 17A0998666  |o snkSB 30562  |i snkF 3073/81  |8 5  |0 0  |1 0  |4 0  |d 2019-02-21  |f 1  |l 0  |r 2025-04-04 00:00:00  |w 2026-02-24